| 000 | 01205nam a22002895a 4500 | ||
|---|---|---|---|
| 003 | EG-ScBUE | ||
| 005 | 20211212094325.0 | ||
| 008 | 180313s1984 ua f b 001 0cara d | ||
| 017 | _a1984 / 3253 | ||
| 020 | _a977013543 | ||
| 040 |
_aEG-ScBUE _bara _erda _cEG-ScBUE _dEG-ScBUE |
||
| 082 | 0 | 4 |
_a892.709 _bم ت و _222 |
| 100 | 1 |
_aمتولي، عبد الستار السيد، _eمؤلف. |
|
| 245 | 1 | 0 |
_aأدب الزهد في العصر العباسي : _bنشأته وتطوره وأشهر رجاله / _cد. عبد الستار السيد متولي. |
| 264 | 1 |
_aالقاهرة : _bالهيئة المصرية العامة للكتاب، _c1984. |
|
| 300 |
_a419 صفحة ؛ _c24 سم |
||
| 336 |
_2rdacontent _aنص _btxt |
||
| 337 |
_2rdamedia _aبدون وسيط _bn |
||
| 338 |
_2rdacarrier _aمجلد _bnc |
||
| 504 | _aيشتمل على إرجاعات ببليوجرافية. | ||
| 650 | 7 |
_aالأدب العربي _xتاريخ ونقد _yالعصر العباسي، 750-1258. _2BUEsh _941806 |
|
| 650 | 7 |
_aالأدباء العرب _yالعصر العباسي، 750-1258 _vتراجم. _2BUEsh |
|
| 651 | _2BUEsh | ||
| 653 |
_bARALIT _cMarch2018 |
||
| 655 |
_vReading book _934232 |
||
| 942 | _2ddc | ||
| 999 |
_c26293 _d26265 |
||